What works for children and adolescents? : a critical review of psychological interventions with children, adolescents, and their families (Record no. 1382)

000 -LEADER
fixed length control field 00935nam a22002297a 4500
003 - CONTROL NUMBER IDENTIFIER
control field OSt
005 - DATE AND TIME OF LATEST TRANSACTION
control field 20140924084653.0
008 - FIXED-LENGTH DATA ELEMENTS--GENERAL INFORMATION
fixed length control field 140924b xxu||||| |||| 00| 0 eng d
020 ## - INTERNATIONAL STANDARD BOOK NUMBER
International Standard Book Number 9780415233507
050 ## - LIBRARY OF CONGRESS CALL NUMBER
Classification number RJ504 .W53 2000
245 ## - TITLE STATEMENT
Title What works for children and adolescents? : a critical review of psychological interventions with children, adolescents, and their families
Statement of responsibility, etc edited by Alan Carr.
260 ## - PUBLICATION, DISTRIBUTION, ETC. (IMPRINT)
Place of publication, distribution, etc London.
Name of publisher, distributor, etc Routledge.
Date of publication, distribution, etc 2000.
300 ## - PHYSICAL DESCRIPTION
Extent xii, 364 p.
Dimensions 24 cm.
500 ## - GENERAL NOTE
General note Complements: The handbook of child and adolescent clinical psychology.<br/> Includes bibliographical references and index.<br/>
505 ## - FORMATTED CONTENTS NOTE
Miscellaneous information Handbook of child and adolescent clinical psychology.
650 ## - SUBJECT ADDED ENTRY--TOPICAL TERM
Topical term or geographic name as entry element Child psychotherapy--Evaluation.
650 ## - SUBJECT ADDED ENTRY--TOPICAL TERM
Topical term or geographic name as entry element Child psychotherapy--Research.
650 ## - SUBJECT ADDED ENTRY--TOPICAL TERM
Topical term or geographic name as entry element Adolescent psychotherapy--Evaluation.
650 ## - SUBJECT ADDED ENTRY--TOPICAL TERM
Topical term or geographic name as entry element Adolescent psychotherapy--Research.
700 ## - ADDED ENTRY--PERSONAL NAME
Personal name Carr, Alan,
942 ## - ADDED ENTRY ELEMENTS (KOHA)
Source of classification or shelving scheme
Koha item type Book
Holdings
Withdrawn status Lost status Source of classification or shelving scheme Damaged status Not for loan Home library Current library Shelving location Date acquired Total Checkouts Full call number Barcode Date last seen Copy number Price effective from Koha item type Date checked out
          Riara University Library Riara University Library General stack 24/09/2014   RJ504 .W53 2000 4950/14 24/09/2014 C.1 24/09/2014 Book  
          Riara University Library Riara University Library General stack 24/09/2014 1 RJ504 .W53 2000 4951/14 02/11/2015 C.2 24/09/2014 Book 21/10/2015
          Riara University Library Riara University Library General stack 21/10/2014 1 RJ504 .W53 2000 5027/14 21/10/2016 C.3 21/10/2014 Book 27/09/2016

Riara University Library,
P.O. Box 49940-00100,
Nairobi, Kenya.